Environmental engineering (Record no. 62735)

MARC details
000 -LEADER
fixed length control field 00792nam a2200169 a 4500
008 - FIXED-LENGTH DATA ELEMENTS--GENERAL INFORMATION
fixed length control field 120416s1989 ||||||||||||||||| || u
020 ## - INTERNATIONAL STANDARD BOOK NUMBER
International Standard Book Number 0074518194
050 ## - LIBRARY OF CONGRESS CALL NUMBER
Classification number TA 170 Pan
100 ## - MAIN ENTRY--PERSONAL NAME
Personal name Pandey
245 10 - TITLE STATEMENT
Title Environmental engineering
260 ## - PUBLICATION, DISTRIBUTION, ETC.
Place of publication, distribution, etc. New Delhi
Name of publisher, distributor, etc. Tata McGraw-Hill
Date of publication, distribution, etc. 1989
300 ## - PHYSICAL DESCRIPTION
Extent ii, 455p. : ill
350 ## -
-- 0.00
995 ## -
-- BINDERY (DAMAGED)
-- 0.00
-- 724408
-- CBU-MAIN LIBRARY (Kitwe)
-- 3
-- 150.00
-- TA 170 Pan
-- 1
-- DAMAGED
-- 014539
-- Main Library Open Access Collection
995 ## -
-- BINDERY (DAMAGED)
-- 0.00
-- 724409
-- CBU-MAIN LIBRARY (Kitwe)
-- 2
-- 150.00
-- TA 170 Pan
-- 3
-- DAMAGED
-- 014541
-- Main Library Open Access Collection
995 ## -
-- BINDERY (DAMAGED)
-- 0.00
-- 724410
-- CBU-MAIN LIBRARY (Kitwe)
-- 1
-- 150.00
-- TA 170 Pan
-- 2
-- DAMAGED
-- 014540
-- Main Library Open Access Collection
999 ## -
-- 62735
-- 62735
Holdings
Withdrawn status Lost status Source of classification or shelving scheme Damaged status Not for loan Permanent Location Current Location Shelving location Date acquired Total Checkouts Full call number Barcode Date last seen Price effective from Koha item type
          CBU-MAIN LIBRARY, KITWE. CBU-MAIN LIBRARY, KITWE.   12/16/2022   TA 170 Pan 014539 12/16/2022 12/16/2022 MONOGRAPH
          CBU-MAIN LIBRARY, KITWE. CBU-MAIN LIBRARY, KITWE.   12/16/2022   TA 170 Pan 014541 12/16/2022 12/16/2022 MONOGRAPH
          CBU-MAIN LIBRARY, KITWE. CBU-MAIN LIBRARY, KITWE.   12/16/2022   TA 170 Pan 014540 12/16/2022 12/16/2022 MONOGRAPH